Films Disney en images - Mort subite #1 - Statistiques

Statistiques générales
  • Ce quiz a été pris 9 277 fois
  • Le résultat moyen est 6 sur 10
Answers on the Grid
Answers color-coded by a green-red scale on the quiz's grid according to % correct below.
 
Statistiques - réponses
Réponse % Correct
Raiponce
83%
La Belle au bois dormant
82%
Mulan
82%
Rox et Rouky
76%
Oliver et Compagnie
67%
Lilo et Stitch
57%
Volt, star malgré lui
55%
Basil, détective privé
47%
Chicken Little
35%
Bienvenue chez les Robinson
26%
Aucun quiz correspondant
Distribution des résultats
% des personnes avec chaque résultat
Percentile par nombre de réponses
Votre historique - résultats
Vous n’avez pas pris ce quiz